01002naa a2200193 a 450000100080000000500110000800800410001910000160006024500940007626000090017052004360017965300170061565300180063265300150065065300180066565300230068365300260070677300760073211276272018-08-21 2018 bl uuuu u00u1 u #d1 aTORESAN, L. aO desempenho da agropecu??ria de Santa Catarina nos ??ltimos anos.h[electronic resource] c2018 aO artigo analisa os principais indicadores de desempenho da agropecu??ria de Santa Catarina nos ??ltimos anos, abrangendo: a produ????o e o valor da produ????o dos 51 principais produtos da agropecu??ria de SC; os ??ndices de varia????o da produ????o e dos pre??os dos grupos de produtos, a evolu????o das exporta????es dos principais produtos da agropecu??ria de do agroneg??cio de SC, compara ao desempenho exportador brasileiro. aagroneg??cio aagropecu??ria aDesempenho aexporta????es a??ndice de pre??os a??ndice de quantidade tAgropecu??ria Catarinense, Florian??polisgv. 31, n. 1, p. 14-18, 2018.